• 首页
  • 本馆介绍
  • 公告通知
  • 最新文献
  • 馆藏检索
  • 电子资源
  • 读者导购
  • 参考咨询
  • 我的图书馆
  • 登录
  • 详细信息显示
  • 放入我的书架
  • 预约/预借图书
  • 作者相关作品
  • 分类相关作品
  • 丛书相关作品
  • 出版社相关作品

书目信息

  • 表格格式
  • 工作单格式
  • 卡片格式
题名:
观赏水草栽培与造景
    
 
作者: 赵玉宝 主编
分册:  
出版信息: 沈阳   辽宁科学技术出版社  2002
页数: 416页
开本: 26cm
丛书名:
单 册:
中图分类: S682.320.4
科图分类:
主题词: 观赏园艺 , 水生维管束植物--观赏园艺 , 园林树木
电子资源:
ISBN: 7-5381-3662-2
000 00637nam0 2200217 45
001 0309171620
005 20031219104115.1
010    @a7-5381-3662-2@dCNY65.00
100    @a20030917d2002 km y0chiy0120 ea
101 0  @achi
105    @a z 000yy
200 1  @a观赏水草栽培与造景@AGuan Shang Shui Cao Zai Pei Yu Zao Jing@f赵玉宝主编@FZhao Yu Bao Zhu Bian
210    @a沈阳@c辽宁科学技术出版社@d2002
215    @a416页@d26cm
606 0  @a观赏园艺
606 0  @a水生维管束植物@x观赏园艺
606 0  @a园林树木
690    @aS682.320.4@v4
701  0 @a赵玉宝@4主编
801    @aCN@bTSTC@c20030917
905    @b325679-683@dS682.320.4@e63@f5
    
    观赏水草栽培与造景/赵玉宝主编.-沈阳:辽宁科学技术出版社,2002
    416页;26cm
    
    
    ISBN 7-5381-3662-2:CNY65.00
    
●
相关链接 在E读中查询图书 在五车中查询图书 在当当中查询图书 在豆瓣中查询图书


正题名:观赏水草栽培与造景     索取号:S682.320.4/63         预约/预借

序号 登录号 条形码 馆藏地/架位号 状态 备注
1 0325679   203256797   第三借阅区/ [索取号:S682.320.4/63] 在馆    
2 0325680   203256804   第三借阅区/ [索取号:S682.320.4/63] 在馆    
3 0325681   203256813   第三借阅区/ [索取号:S682.320.4/63] 在馆    
4 0325682   203256822   第三借阅区/ [索取号:S682.320.4/63] 在馆    
5 0325683   203256831   第二样本阅览室/ [索取号:S682.320.4/63] 在馆    
唐山师范学院图书馆 欢迎您!
大连网信软件有限公司© 版权所有